[Event "Budapest Vezerkepzo Christmas FM"]
[Site "Budapest"]
[Date "2022.12.31"]
[Round "6"]
[White "Nagy, Laszlo"]
[Black "Jamrich, Gyorgy"]
[Result "1-0"]
[WhiteElo "1844"]
[BlackElo "2196"]
[PlyCount "69"]
[EventDate "2022.12.26"]
[EventType "schev"]
[EventRounds "10"]
[EventCountry "HUN"]
[SourceTitle "CBM 212 Extra"]
[Source "ChessBase"]
[SourceDate "2023.03.31"]
[SourceVersion "1"]
[SourceVersionDate "2023.03.31"]
[SourceQuality "1"]
[WhiteTeam "Team B"]
[BlackTeam "Team A"]
[WhiteTeamCountry "HUN"]
[BlackTeamCountry "HUN"]

1. e4 c5 2. Nf3 d6 3. d4 cxd4 4. Nxd4 Nf6 5. f3 Nc6 6. c4 e5 7. Nc2 Be7 8. Be2 0-0 9. 0-0 Be6 10. Nc3 Rc8 11. Be3 Ne8 12. g4 Bg5 13. Kh1 Bxe3 14. Nxe3 Nd4 15. b3 a6 16. Qd2 g6 17. f4 exf4 18. Rxf4 Nxe2 19. Nxe2 b5 20. Nd4 bxc4 21. Nxe6 fxe6 22. Rxf8+ Kxf8 23. Rf1+ Kg8 24. Nxc4 Qe7 25. Qf4 Rd8 26. g5 Qg7 27. Ne3 Nc7 28. Ng4 h5 29. gxh6 Qe7 30. Nf6+ Kh8 31. Qg5 Qf7 32. Rg1 Rf8 33. Qxg6 Qxg6 34. Rxg6 Nb5 35. h7 1-0

[Event "Budapest Vezerkepzo Christmas FM"]
[Site "Budapest"]
[Date "2022.12.26"]
[Round "1"]
[White "Jamrich, Gyorgy"]
[Black "Nagy, Laszlo"]
[Result "1/2-1/2"]
[WhiteElo "2196"]
[BlackElo "1844"]
[PlyCount "105"]
[EventDate "2022.12.26"]
[EventType "schev"]
[EventRounds "10"]
[EventCountry "HUN"]
[SourceTitle "CBM 212 Extra"]
[Source "ChessBase"]
[SourceDate "2023.03.31"]
[SourceVersion "1"]
[SourceVersionDate "2023.03.31"]
[SourceQuality "1"]
[WhiteTeam "Team A"]
[BlackTeam "Team B"]
[WhiteTeamCountry "HUN"]
[BlackTeamCountry "HUN"]

1. e4 d6 2. d4 g6 3. Nc3 Bg7 4. Bg5 Nf6 5. Qd2 0-0 6. f4 a6 7. Nf3 b5 8. Bd3 Bb7 9. e5 Ne8 10. 0-0-0 c5 11. dxc5 dxc5 12. Be4 Qxd2+ 13. Rxd2 Bxe4 14. Nxe4 f6 15. Bh4 Nc6 16. Nxc5 Nc7 17. Rd7 Rac8 18. Re1 Rfd8 19. exf6 exf6 20. Rxd8+ Rxd8 21. Ne6 Rc8 22. Nxg7 Kxg7 23. Rd1 Rd8 24. Rxd8 Nxd8 25. Bf2 Nde6 26. g3 Kf7 27. Nd4 Nxd4 28. Bxd4 Ke6 29. Kd2 f5 30. b3 Kd5 31. Kd3 Ne6 32. c4+ Kc6 33. b4 h5 34. Be5 Nd8 35. h4 Ne6 36. Kc3 Kb7 37. Kb3 Kc6 38. a4 Nd8 39. cxb5+ axb5 40. a5 Ne6 41. Kc3 Kb7 42. Kd3 Ka6 43. Bd4 Kb7 44. Ke3 Ka6 45. Bb6 Kb7 46. Kf3 Kc6 47. Be3 Nc7 48. Bc5 Na6 49. Bf8 Kd5 50. Ke3 Kc4 51. Bd6 Kc3 52. Ke2 Kc2 53. Ke3 1/2-1/2

[Event "HUN-chT2 Charousek 1819"]
[Site "Hungary"]
[Date "2019.03.10"]
[Round "9.4"]
[White "Jamrich, Gyorgy"]
[Black "Gombocz, Ferenc Jr"]
[Result "1-0"]
[WhiteElo "2181"]
[BlackElo "2295"]
[PlyCount "69"]
[EventDate "2018.09.23"]
[EventType "team-tourn"]
[EventRounds "11"]
[EventCountry "HUN"]
[SourceTitle "EXT 2021"]
[Source "ChessBase"]
[SourceDate "2020.10.23"]
[SourceVersion "1"]
[SourceVersionDate "2020.10.23"]
[SourceQuality "1"]
[WhiteTeam "Biatorbagy"]
[BlackTeam "Balatonfuered"]
[WhiteTeamCountry "HUN"]
[BlackTeamCountry "HUN"]

1. e4 e5 2. Nf3 Nc6 3. Bb5 g6 4. 0-0 Bg7 5. c3 a6 6. Ba4 d6 7. h3 Bd7 8. d4 Nf6 9. Re1 0-0 10. Nbd2 h6 11. Nf1 Qe7 12. Ng3 Rae8 13. Bc2 Nh7 14. a4 h5 15. Rb1 h4 16. Nf1 Kh8 17. b4 f5 18. b5 axb5 19. axb5 Na5 20. dxe5 dxe5 21. Ra1 Nc4 22. Qd5 Be6 23. Qxb7 Rb8 24. Qa7 f4 25. N1d2 Nd6 26. Ba3 Bf6 27. c4 Rfe8 28. Bxd6 Qxd6 29. Ra6 Qb4 30. Rxe6 Rxe6 31. Qxb8+ Kg7 32. Qxc7+ Kh6 33. Rb1 Qc3 34. Qd7 Rb6 35. Qd3 1-0

[Event "HUN-chT2 Charousek 1819"]
[Site "Hungary"]
[Date "2019.02.24"]
[Round "8.6"]
[White "Papp, Gabor1111"]
[Black "Jamrich, Gyorgy"]
[Result "0-1"]
[WhiteElo "2051"]
[BlackElo "2181"]
[PlyCount "82"]
[EventDate "2018.09.23"]
[EventType "team-tourn"]
[EventRounds "11"]
[EventCountry "HUN"]
[SourceTitle "CBM 189 Extra"]
[Source "ChessBase"]
[SourceDate "2019.06.03"]
[SourceVersion "1"]
[SourceVersionDate "2019.06.03"]
[SourceQuality "1"]
[WhiteTeam "Gyor Szechenyi"]
[BlackTeam "Biatorbagy"]
[WhiteTeamCountry "HUN"]
[BlackTeamCountry "HUN"]

1. e4 d6 2. Nf3 c5 3. d4 cxd4 4. Nxd4 Nf6 5. Nc3 a6 6. Be2 e5 7. Nb3 Be6 8. Be3 Nbd7 9. 0-0 Be7 10. f3 Qc7 11. g4 Nb6 12. g5 Nfd7 13. Nd5 Nxd5 14. exd5 Bh3 15. Re1 h6 16. Qd2 hxg5 17. Bxg5 f6 18. Be3 g5 19. Bf1 0-0-0 20. Qc3 f5 21. Qxc7+ Kxc7 22. Nd2 g4 23. Bxh3 Rxh3 24. fxg4 Rg8 25. Kg2 Rh4 26. h3 fxg4 27. hxg4 Nf6 28. Bf2 Rhxg4+ 29. Kf1 Nxd5 30. Ke2 Nf4+ 31. Kd1 Rg2 32. Be3 Nd5 33. c4 Nxe3+ 34. Rxe3 Rg1+ 35. Re1 Bh4 36. Rf1 Rxf1+ 37. Nxf1 Rg2 38. Rb1 Bg5 39. b4 Rxa2 40. Ng3 Rd2+ 41. Ke1 Rd4 0-1

[Event "HUN-chT2 Charousek 1819"]
[Site "Hungary"]
[Date "2018.10.07"]
[Round "2.6"]
[White "Jamrich, Gyorgy"]
[Black "Rigo, Janos"]
[Result "1/2-1/2"]
[WhiteElo "2181"]
[BlackElo "2243"]
[PlyCount "28"]
[EventDate "2018.09.23"]
[EventType "team-tourn"]
[EventRounds "11"]
[EventCountry "HUN"]
[SourceTitle "CBM 189 Extra"]
[Source "ChessBase"]
[SourceDate "2019.06.03"]
[SourceVersion "1"]
[SourceVersionDate "2019.06.03"]
[SourceQuality "1"]
[WhiteTeam "Biatorbagy"]
[BlackTeam "Budapest HASE"]
[WhiteTeamCountry "HUN"]
[BlackTeamCountry "HUN"]

1. d4 Nf6 2. c4 e6 3. Nc3 Bb4 4. Bd2 d5 5. cxd5 exd5 6. a3 Be7 7. Bf4 c6 8. e3 0-0 9. Bd3 Re8 10. h3 Nbd7 11. Nf3 Nf8 12. 0-0 Ng6 13. Bh2 Bd6 14. Qc2 Bxh2+ 1/2-1/2

[Event "Zalakaros op 37th"]
[Site "Zalakaros"]
[Date "2018.06.01"]
[Round "8"]
[White "Jamrich, Gyorgy"]
[Black "Csala, Imre"]
[Result "1-0"]
[WhiteElo "2213"]
[BlackElo "2093"]
[PlyCount "63"]
[EventDate "2018.05.25"]
[EventType "swiss"]
[EventRounds "9"]
[EventCountry "HUN"]
[SourceTitle "EXT 2019"]
[Source "ChessBase"]
[SourceDate "2018.10.10"]
[SourceVersion "1"]
[SourceVersionDate "2018.10.10"]
[SourceQuality "1"]

1. e4 d6 2. d4 Nf6 3. Nc3 c6 4. f4 Nbd7 5. Nf3 Qa5 6. Bd2 e5 7. Bd3 Be7 8. Ne2 Qb6 9. c3 d5 10. Nxe5 dxe4 11. Bc4 Nd5 12. 0-0 N7f6 13. Bb3 0-0 14. c4 Nb4 15. c5 Bxc5 16. dxc5 Qxc5+ 17. Kh1 Nd3 18. Nxd3 exd3 19. Ng3 Bg4 20. Qc1 Qd6 21. h3 Be2 22. Re1 Rfe8 23. Qc4 Nd5 24. Qd4 Rad8 25. Bxd5 Qxd5 26. Qxa7 c5 27. Rac1 Rc8 28. Qa4 Re6 29. Qc4 Qd7 30. f5 Rd6 31. Qf4 Rd4 32. Qf2 1-0

[Event "Zalakaros op 37th"]
[Site "Zalakaros"]
[Date "2018.05.25"]
[Round "1"]
[White "Bakos, Balazs1111"]
[Black "Jamrich, Gyorgy"]
[Result "1-0"]
[WhiteElo "1799"]
[BlackElo "2213"]
[PlyCount "79"]
[EventDate "2018.05.25"]
[EventType "swiss"]
[EventRounds "9"]
[EventCountry "HUN"]
[SourceTitle "EXT 2019"]
[Source "ChessBase"]
[SourceDate "2018.10.10"]
[SourceVersion "1"]
[SourceVersionDate "2018.10.10"]
[SourceQuality "1"]

1. e4 c6 2. d4 d5 3. e5 Bf5 4. Nf3 e6 5. Be2 Ne7 6. 0-0 Bg6 7. Nbd2 Nf5 8. Nb3 Nd7 9. c3 h5 10. Bg5 Be7 11. Bxe7 Qxe7 12. Qd2 0-0-0 13. a4 Nh4 14. Na5 Nxf3+ 15. Bxf3 f6 16. exf6 gxf6 17. b4 Nb8 18. b5 Qc7 19. Nb3 Bf5 20. Be2 Rdg8 21. Kh1 h4 22. Ra2 Rxg2 23. Kxg2 Rg8+ 24. Kh1 Bh3 25. f4 Qg7 26. Bf3 Bxf1 27. Qf2 Bc4 28. Rb2 Nd7 29. bxc6 bxc6 30. Na5 Nb6 31. Nxc6 Qd7 32. a5 Qxc6 33. axb6 axb6 34. Qxh4 Qa4 35. Qh7 Rd8 36. Rxb6 Qd7 37. Qb1 Qc7 38. Rxe6 Rg8 39. Rxf6 Re8 40. Bg4+ 1-0

[Event "Budapest-chT1 Lilienthal 1718"]
[Site "Budapest"]
[Date "2018.01.21"]
[Round "7"]
[White "Jamrich, Gyorgy"]
[Black "Grimm, Daniel"]
[Result "1-0"]
[WhiteElo "2247"]
[BlackElo "2319"]
[PlyCount "65"]
[EventDate "2017.10.01"]
[EventType "team-tourn"]
[EventRounds "13"]
[EventCountry "HUN"]
[SourceTitle "EXT 2021"]
[Source "ChessBase"]
[SourceDate "2020.10.23"]
[SourceVersion "1"]
[SourceVersionDate "2020.10.23"]
[SourceQuality "1"]
[WhiteTeam "Palota Sakk"]
[BlackTeam "Barcza GSC"]
[WhiteTeamCountry "HUN"]
[BlackTeamCountry "HUN"]

1. e4 Nf6 2. e5 Nd5 3. d4 d6 4. Nf3 g6 5. exd6 cxd6 6. Bb5+ Nd7 7. c4 Nc7 8. Ba4 Bg7 9. 0-0 0-0 10. Nc3 e5 11. Bg5 f6 12. Be3 Qe7 13. Qd2 e4 14. Ne1 f5 15. f3 Nb6 16. Bb3 Be6 17. d5 Bf7 18. fxe4 fxe4 19. c5 Bxc3 20. bxc3 Nbxd5 21. cxd6 Qxd6 22. c4 Qe5 23. cxd5 Qxa1 24. Bd4 Qb1 25. Qh6 Ne8 26. Nc2 Qxf1+ 27. Kxf1 Bxd5+ 28. Ke2 Bxb3 29. axb3 Rf7 30. Qg5 Ng7 31. Ne3 Ne6 32. Qe5 Nxd4+ 33. Qxd4 1-0

[Event "HUN-chT2 Breyer 1718"]
[Site "Hungary"]
[Date "2017.12.03"]
[Round "5.6"]
[White "Jamrich, Gyorgy"]
[Black "Toth, Istvan2222"]
[Result "1/2-1/2"]
[WhiteElo "2247"]
[BlackElo "1932"]
[PlyCount "126"]
[EventDate "2017.09.24"]
[EventType "team-tourn"]
[EventRounds "11"]
[EventCountry "HUN"]
[SourceTitle "EXT 2021"]
[Source "ChessBase"]
[SourceDate "2020.10.23"]
[SourceVersion "1"]
[SourceVersionDate "2020.10.23"]
[SourceQuality "1"]
[WhiteTeam "Biatorbagy"]
[BlackTeam "Nyergesujfalu"]
[WhiteTeamCountry "HUN"]
[BlackTeamCountry "HUN"]

1. e4 c5 2. Nf3 Nc6 3. Nc3 g6 4. d4 cxd4 5. Nxd4 Bg7 6. Be3 Nf6 7. Nxc6 dxc6 8. Qxd8+ Kxd8 9. 0-0-0+ Ke8 10. f3 e5 11. Bc4 Be6 12. Bxe6 fxe6 13. Na4 Kf7 14. Nc5 b6 15. Nd3 Nd7 16. Nb4 Nb8 17. a4 Bf6 18. h4 Rd8 19. Bg5 Rd4 20. c3 Rxd1+ 21. Rxd1 Be7 22. Nc2 Ke8 23. Ne3 b5 24. Kc2 Nd7 25. b4 a6 26. Ra1 h5 27. Kb3 Nb6 28. axb5 axb5 29. Rxa8+ Nxa8 30. c4 Nb6 31. c5 Nd7 32. Nd1 Nf8 33. Nf2 Kf7 34. Kc3 Bf6 35. Kd2 Nh7 36. Nh3 Nxg5 37. hxg5 Bg7 38. Nf2 Bh8 39. Nd3 Bg7 40. Ke3 Bh8 41. Kf2 Bg7 42. Kg3 Bh8 43. Kh4 Bg7 44. g3 Bh8 45. f4 exf4 46. gxf4 Bd4 47. f5 e5 48. Kg3 Bc3 49. Kf3 Kg7 50. Ke3 Kf7 51. Ke2 Kg7 52. Kd1 Kg8 53. Kc2 Bd4 54. Ne1 gxf5 55. exf5 e4 56. Ng2 Bf2 57. Kd2 Bg3 58. Ke3 h4 59. Nxh4 Bxh4 60. Kxe4 Bxg5 61. Ke5 Be7 62. Ke6 Kf8 63. Kd7 Bxc5 1/2-1/2

[Event "Budapest-chT1 Lilienthal 1718"]
[Site "Budapest"]
[Date "2017.11.19"]
[Round "4"]
[White "Kormos, Adam"]
[Black "Jamrich, Gyorgy"]
[Result "1-0"]
[WhiteElo "2160"]
[BlackElo "2247"]
[PlyCount "89"]
[EventDate "2017.10.01"]
[EventType "team-tourn"]
[EventRounds "13"]
[EventCountry "HUN"]
[SourceTitle "EXT 2021"]
[Source "ChessBase"]
[SourceDate "2020.10.23"]
[SourceVersion "1"]
[SourceVersionDate "2020.10.23"]
[SourceQuality "1"]
[WhiteTeam "Budapest EAC II"]
[BlackTeam "Palota Sakk"]
[WhiteTeamCountry "HUN"]
[BlackTeamCountry "HUN"]

1. e4 c5 2. Nf3 e6 3. Nc3 Nc6 4. d4 cxd4 5. Nxd4 Qc7 6. f4 a6 7. Be3 b5 8. Nxc6 Qxc6 9. Bd3 Bb7 10. 0-0 Bc5 11. Qe2 Nf6 12. Bxc5 Qxc5+ 13. Kh1 b4 14. Nb1 h5 15. e5 Ng4 16. Nd2 g6 17. Be4 Bxe4 18. Nxe4 Qe3 19. Nf6+ Ke7 20. Qd1 d5 21. Nxg4 hxg4 22. Qxg4 Rxh2+ 23. Kxh2 Rh8+ 24. Qh3 Rxh3+ 25. gxh3 Qe2+ 26. Kg3 Qxc2 27. Rf2 Qc5 28. h4 a5 29. a3 b3 30. a4 Kf8 31. Ra3 Qe3+ 32. Rf3 Qg1+ 33. Kh3 Qd4 34. Raxb3 Qxa4 35. h5 Kg7 36. hxg6 Kxg6 37. Rb7 Qe8 38. Kg4 Qc6 39. Rb8 Qc2 40. Rg8+ Kh7 41. Rg5 Qg2+ 42. Rg3 Qe2+ 43. Kh3 Qf1+ 44. Kh4 Qh1+ 45. Rh3 1-0

[Event "HUN-chT2 Breyer 1718"]
[Site "Hungary"]
[Date "2017.10.29"]
[Round "3.6"]
[White "Jamrich, Gyorgy"]
[Black "Szinavel, Zsolt"]
[Result "0-1"]
[WhiteElo "2247"]
[BlackElo "2093"]
[PlyCount "70"]
[EventDate "2017.09.24"]
[EventType "team-tourn"]
[EventRounds "11"]
[EventCountry "HUN"]
[SourceTitle "EXT 2021"]
[Source "ChessBase"]
[SourceDate "2020.10.23"]
[SourceVersion "1"]
[SourceVersionDate "2020.10.23"]
[SourceQuality "1"]
[WhiteTeam "Biatorbagy"]
[BlackTeam "Kisber Aszar"]
[WhiteTeamCountry "HUN"]
[BlackTeamCountry "HUN"]

1. e4 g6 2. d4 c6 3. Nf3 d5 4. e5 Bf5 5. Be2 Bg7 6. 0-0 h5 7. c4 e6 8. Nc3 Nd7 9. cxd5 exd5 10. Bg5 Ne7 11. b4 a6 12. a4 0-0 13. Nh4 f6 14. exf6 Nxf6 15. Qd2 Kh7 16. Rfe1 Qd6 17. Bd3 Bxd3 18. Qxd3 Ng4 19. f4 Nf5 20. Nxf5 Rxf5 21. g3 Qxb4 22. Re7 Rxg5 23. Rxg7+ Kxg7 24. fxg5 Re8 25. Rb1 Qe7 26. h3 Ne3 27. Ne2 Qxg5 28. Rxb7+ Kh6 29. Rf7 Nf5 30. h4 Nxh4 31. Nf4 Nf5 32. Nh3 Qc1+ 33. Kh2 Re3 34. Qxa6 Qd2+ 35. Kh1 Re1+ 0-1

[Event "Budapest-chT1 Lilienthal 1718"]
[Site "Budapest"]
[Date "2017.10.15"]
[Round "2"]
[White "Toth, Ervin"]
[Black "Jamrich, Gyorgy"]
[Result "1-0"]
[WhiteElo "2450"]
[BlackElo "2247"]
[PlyCount "101"]
[EventDate "2017.10.01"]
[EventType "team-tourn"]
[EventRounds "13"]
[EventCountry "HUN"]
[SourceTitle "EXT 2021"]
[Source "ChessBase"]
[SourceDate "2020.10.23"]
[SourceVersion "1"]
[SourceVersionDate "2020.10.23"]
[SourceQuality "1"]
[WhiteTeam "Siraly"]
[BlackTeam "Palota Sakk"]
[WhiteTeamCountry "HUN"]
[BlackTeamCountry "HUN"]

1. d4 Nf6 2. c4 e6 3. Nc3 Bb4 4. a3 Bxc3+ 5. bxc3 c5 6. e3 Nc6 7. Bd3 0-0 8. Ne2 b6 9. 0-0 Ba6 10. Ng3 d5 11. cxd5 Bxd3 12. Qxd3 Nxd5 13. e4 Nde7 14. Bb2 Rc8 15. Rfd1 cxd4 16. cxd4 Na5 17. Rac1 Qd7 18. Nh5 Ng6 19. f4 f6 20. Re1 e5 21. f5 Ne7 22. Nxg7 Kxg7 23. Qg3+ Kh8 24. dxe5 Nxf5 25. exf6 Rf7 26. Qh3 Nc4 27. Rxc4 Rxc4 28. Qxf5 Kg8 29. Qg5+ Kf8 30. h3 Rc2 31. Be5 Rd2 32. Bc3 Rd4 33. Qe5 Rd1 34. Bb4+ Kg8 35. Qg3+ Kh8 36. Rxd1 Qxd1+ 37. Kh2 Qd8 38. Bc3 Qg8 39. Qe5 h6 40. g4 Qg6 41. Kg3 Kh7 42. Kf4 Rd7 43. h4 Qf7 44. Qf5+ Kg8 45. g5 hxg5+ 46. hxg5 Rc7 47. g6 Qc4 48. Bd4 Qc1+ 49. Kg4 Qd1+ 50. Kg3 Qb3+ 51. Kf4 1-0

[Event "Budapest-chT1 Lilienthal 1718"]
[Site "Budapest"]
[Date "2017.10.01"]
[Round "1"]
[White "Jamrich, Gyorgy"]
[Black "Furedi, Erik"]
[Result "1-0"]
[WhiteElo "2247"]
[BlackElo "2318"]
[PlyCount "53"]
[EventDate "2017.10.01"]
[EventType "team-tourn"]
[EventRounds "13"]
[EventCountry "HUN"]
[SourceTitle "EXT 2021"]
[Source "ChessBase"]
[SourceDate "2020.10.23"]
[SourceVersion "1"]
[SourceVersionDate "2020.10.23"]
[SourceQuality "1"]
[WhiteTeam "Palota Sakk"]
[BlackTeam "Budapest Vasas II"]
[WhiteTeamCountry "HUN"]
[BlackTeamCountry "HUN"]

1. e4 e5 2. Nc3 Nf6 3. f4 d5 4. fxe5 Nxe4 5. Qf3 Nc6 6. Bb5 Nxc3 7. dxc3 Be6 8. Qg3 f6 9. Nf3 fxe5 10. Qxe5 Qd6 11. Bg5 a6 12. Bxc6+ bxc6 13. Qe3 Be7 14. 0-0 Bf5 15. Nd2 Be4 16. Nxe4 dxe4 17. Qxe4 Qc5+ 18. Be3 Qd5 19. Qg4 Rf8 20. Rxf8+ Kxf8 21. Bd4 g6 22. c4 Qd6 23. c5 Qd5 24. c4 Qg8 25. Qd7 Qxc4 26. Re1 Re8 27. Rf1+ 1-0

[Event "Budapest Spring op"]
[Site "Budapest"]
[Date "2017.03.19"]
[Round "2"]
[White "Chekletsov, Ilya"]
[Black "Jamrich, Gyorgy"]
[Result "1-0"]
[WhiteElo "2391"]
[BlackElo "2244"]
[PlyCount "89"]
[EventDate "2017.03.18"]
[EventType "swiss"]
[EventRounds "9"]
[EventCountry "HUN"]
[SourceTitle "CBM 177 Extra"]
[Source "ChessBase"]
[SourceDate "2017.04.27"]
[SourceVersion "1"]
[SourceVersionDate "2017.04.27"]
[SourceQuality "1"]

1. d4 e6 2. c4 d5 3. Nf3 Bb4+ 4. Nbd2 Nf6 5. g3 0-0 6. Bg2 c5 7. 0-0 cxd4 8. cxd5 Qxd5 9. Nb3 d3 10. Nfd4 dxe2 11. Qxe2 Qh5 12. Bf3 Qg6 13. h4 h5 14. Bg5 Nbd7 15. a3 Bd6 16. Rad1 Be5 17. Rfe1 a6 18. Bg2 Bb8 19. Rc1 e5 20. Nc2 Re8 21. Ne3 e4 22. Bh3 Ba7 23. Bf5 Bxe3 24. Bxg6 Bxc1 25. Bxf7+ Kxf7 26. Qc4+ Kg6 27. Bxf6 Nxf6 28. Qxc1 Bg4 29. Qg5+ Kh7 30. Nd2 Rad8 31. Nf1 Rd5 32. Qf4 Rb5 33. b4 a5 34. bxa5 Rxa5 35. Qd6 Bf3 36. Ne3 Rea8 37. Qe7 Rxa3 38. Nf5 Ne8 39. Nd4 Nf6 40. Ne6 Ne8 41. Ng5+ Kh6 42. Qe6+ Nf6 43. Qf5 Rf8 44. Ne6 Rf7 45. Nf4 1-0

[Event "HUN-chT2 Charousek 1516"]
[Site "Hungary"]
[Date "2015.11.29"]
[Round "3.4"]
[White "Teglas, Balazs"]
[Black "Jamrich, Gyorgy"]
[Result "1/2-1/2"]
[WhiteElo "2188"]
[BlackElo "2227"]
[PlyCount "105"]
[EventDate "2015.10.18"]
[EventType "team-tourn"]
[EventRounds "9"]
[EventCountry "HUN"]
[SourceTitle "CBM 170 Extra"]
[Source "ChessBase"]
[SourceDate "2016.02.25"]
[SourceVersion "1"]
[SourceVersionDate "2016.02.25"]
[SourceQuality "1"]
[WhiteTeam "Hobagoly"]
[BlackTeam "Balatonfuered"]
[WhiteTeamCountry "HUN"]
[BlackTeamCountry "HUN"]

1. Nf3 d5 2. g3 c5 3. Bg2 Nc6 4. d4 e6 5. 0-0 Nf6 6. c4 dxc4 7. Qa4 Bd7 8. Qxc4 b5 9. Qd3 Rc8 10. dxc5 Bxc5 11. Nc3 Nb4 12. Qb1 Bc6 13. Bg5 0-0 14. a3 Nbd5 15. Nxd5 Bxd5 16. b4 Be7 17. Qb2 Nd7 18. Bxe7 Qxe7 19. Rac1 Nb6 20. Qd4 Rc4 21. Rxc4 Bxc4 22. Qb2 f6 23. Nd4 Rc8 24. Rc1 Qd7 25. e3 e5 26. Nb3 Rd8 27. Nc5 Qd2 28. Qxd2 Rxd2 29. a4 Kf7 30. axb5 Bxb5 31. Ra1 Nd7 32. Nxd7 Rxd7 33. Bf1 Bxf1 34. Kxf1 Rb7 35. Ke2 e4 36. Kd2 Rxb4 37. Rxa7+ Kg6 38. Ke2 Kh6 39. h4 g5 40. hxg5+ fxg5 41. g4 Kg6 42. Ra6+ Kg7 43. Rd6 Rb2+ 44. Rd2 Rb6 45. Rd7+ Kg6 46. Re7 Rb2+ 47. Kf1 Rb4 48. Kg2 h6 49. Re6+ Kg7 50. Rd6 Rb7 51. Re6 Rb4 52. Rd6 Rb7 53. Re6 1/2-1/2

[Event "Budapest Duna op"]
[Site "Budapest"]
[Date "2015.09.30"]
[Round "8"]
[White "Jamrich, Gyorgy"]
[Black "Juhasz, Barbara"]
[Result "1-0"]
[WhiteElo "2207"]
[BlackElo "2175"]
[PlyCount "87"]
[EventDate "2015.09.23"]
[EventType "swiss"]
[EventRounds "9"]
[EventCountry "HUN"]
[SourceTitle "CBM 168 Extra"]
[Source "ChessBase"]
[SourceDate "2015.10.29"]
[SourceVersion "1"]
[SourceVersionDate "2015.10.29"]
[SourceQuality "1"]

1. Nf3 Nf6 2. c4 g6 3. Nc3 Bg7 4. d4 0-0 5. Bg5 d6 6. e3 h6 7. Bh4 c5 8. Be2 Nc6 9. 0-0 Bf5 10. d5 Na5 11. Nd2 g5 12. Bg3 e6 13. f4 gxf4 14. Rxf4 Qd7 15. Qf1 Nh7 16. Rh4 e5 17. e4 Bg6 18. Bg4 f5 19. Bh3 Ng5 20. Bxf5 Bxf5 21. exf5 Rxf5 22. Qe2 Raf8 23. Rf1 Rxf1+ 24. Nxf1 a6 25. h3 b6 26. Bf2 Rf4 27. Nd2 Nb7 28. Nde4 Nxe4 29. Nxe4 b5 30. b3 b4 31. Qh5 Qf7 32. Qe2 Qd7 33. Bg3 Rxh4 34. Bxh4 Qf7 35. Qg4 Kh7 36. g3 a5 37. Kg2 Kg8 38. Bf6 Kh7 39. Bh4 Kh8 40. Qc8+ Kh7 41. Qe6 Qh5 42. Qd7 Qg6 43. Nf6+ Kh8 44. Qc8+ 1-0

[Event "Budapest Duna op"]
[Site "Budapest"]
[Date "2015.09.27"]
[Round "5"]
[White "Dudas, Eszter"]
[Black "Jamrich, Gyorgy"]
[Result "1-0"]
[WhiteElo "2145"]
[BlackElo "2207"]
[PlyCount "95"]
[EventDate "2015.09.23"]
[EventType "swiss"]
[EventRounds "9"]
[EventCountry "HUN"]
[SourceTitle "CBM 168 Extra"]
[Source "ChessBase"]
[SourceDate "2015.10.29"]
[SourceVersion "1"]
[SourceVersionDate "2015.10.29"]
[SourceQuality "1"]

1. e4 e5 2. Nf3 Nc6 3. Bb5 a6 4. Ba4 Nf6 5. 0-0 b5 6. Bb3 Be7 7. d3 0-0 8. a4 b4 9. a5 d6 10. h3 Nb8 11. c3 bxc3 12. bxc3 Nbd7 13. Nbd2 Rb8 14. d4 c5 15. Bc4 cxd4 16. cxd4 Bb7 17. Qe2 exd4 18. Nxd4 Nc5 19. Bd3 Re8 20. Re1 Bf8 21. Qf3 g6 22. N4b3 Nfxe4 23. Bxe4 Nxb3 24. Nxb3 d5 25. Bb2 dxe4 26. Qc3 f6 27. Qxf6 Qxf6 28. Bxf6 Bd5 29. Nd4 Kf7 30. Bg5 Rb2 31. Bc1 Rb7 32. Rd1 Bc4 33. Be3 Bd3 34. Rac1 Ba3 35. Rc6 Reb8 36. Bf4 Rd8 37. Ne6 Rd5 38. Ng5+ Ke8 39. Rxa6 h6 40. Ne6 Kf7 41. Rc6 Ra7 42. a6 Rf5 43. Ra1 Rxa6 44. Rxa6 Bxa6 45. Rxa3 Bc8 46. Nd8+ Ke8 47. Bc7 Rc5 48. Bb6 1-0

[Event "Pristina op"]
[Site "Pristina"]
[Date "2015.06.18"]
[Round "7"]
[White "Jamrich, Gyorgy"]
[Black "Kukov, Velislav"]
[Result "0-1"]
[WhiteElo "2226"]
[BlackElo "2369"]
[PlyCount "48"]
[EventDate "2015.06.13"]
[EventType "swiss"]
[EventRounds "9"]
[EventCountry "KOS"]
[SourceTitle "CBM 167 Extra"]
[Source "ChessBase"]
[SourceDate "2015.09.14"]
[SourceVersion "1"]
[SourceVersionDate "2015.09.14"]
[SourceQuality "1"]

1. e4 c6 2. d4 d5 3. Nc3 g6 4. Nf3 Bg7 5. h3 Nh6 6. a4 0-0 7. a5 f6 8. Be2 Nf7 9. 0-0 Na6 10. Re1 Nc7 11. Bf1 e5 12. dxe5 fxe5 13. b4 Be6 14. Na4 Nd6 15. Nc5 Bc8 16. Bb2 b6 17. exd5 bxc5 18. bxc5 Nf7 19. d6 Nd5 20. c4 Nf4 21. Nh2 Ne6 22. Qa4 Bd7 23. Qa3 Rb8 24. g3 Neg5 0-1